000 01328cam a2200145 4500500
005 20260329023155.0
041 _afre
042 _adc
100 1 0 _aGauthier, Guy
_eauthor
700 1 0 _aSauvaget, Daniel
_eauthor
245 0 0 _aLe documentaire, un autre cinéma : Histoire et création
260 _bArmand Colin,
_c2015.
520 _aLe documentaire est un style à part, né loin des studios avec le développement des caméras légères. De Robert Flaherty à Raymond Depardon, les noms qui jalonnent son histoire témoignent de sa participation active à l’élaboration et au développement du langage cinématographique. Cet ouvrage est depuis longtemps la référence de l’étudiant comme du cinéphile. Du cinéma muet à l’image numérique, il retrace l’histoire de cet «  autre cinéma  » à travers les continents, en analysant son esthétique originale et sa confrontation au réel. À l’occasion de cette cinquième édition, les biographies et les filmographies de cinéastes majeurs ont été actualisées, et deux études ajoutées, consacrées aux récents National Gallery de Frederick Wiseman et À la recherche de Vivian Maier de John Maloof et Charlie Siskel.
856 4 1 _uhttps://shs.cairn.info/le-documentaire-un-autre-cinema--9782200601652?lang=fr&redirect-ssocas=7080
999 _c1925247
_d1925247